000 00475cam a2200181ua 4500
020 _a0 7131 3647 2
041 _aeng
_h
082 _a005.133
_bBUN/LI
100 _aBunday, Brian D .
245 _aLinear programming in PASCAL /
_cBrian D Bunday.
_hTextual Documents
250 _a1 /
_b.
260 _aLondon :
_bEdward Arnold Publications Ltd ,
_c1987.
300 _a188 ; .
504 _a
700 1 _aGarside, Gerald R .
942 _cBK
999 _c9507
_d9507